Statystyki dla 8 Planet

Kliknij tutaj aby rozwiązać quiz!

Ogólne statystyki

  • Ten quiz został rozwiązany 148 razy
  • Średni wynik to 7 z 8

Statystyki odpowiedzi

#Planet% Poprawnych
4Mars
93%
3Ziemia
92%
6Saturn
86%
5Jowisz
83%
2Wenus
80%
8Neptun
79%
1Merkury
77%
7Uran
73%

Rozkład punktacji

Percentyl według liczby udzielonych odpowiedzi

Procent ludzi z każdym wynikiem

Twoja historia wyników

Nie rozwiązałeś tego quizu